Statistics for Every Torchwood Episode

Click here to take the quiz!

General Stats

  • This quiz has been taken 7 times
  • The average score is 28 of 41

Answer Stats

SeriesEpisode% Correct
Series 2Adam
100%
Series 1Countrycide
100%
Series 1Cyberwoman
100%
Children of EarthDay Five
100%
Children of EarthDay Four
100%
Series 1Day One
100%
Children of EarthDay One
100%
Children of EarthDay Three
100%
Children of EarthDay Two
100%
Series 1Everything Changes
100%
Series 1Captain Jack Harkness
80%
Series 1Combat
80%
Series 2Dead Man Walking
80%
Series 1Ghost Machine
80%
Series 1Greeks Bearing Gifts
80%
Series 2Kiss, Kiss, Bang, Bang
80%
Series 1Out of Time
80%
Series 1Random Shoes
80%
Series 2Reset
80%
Series 2Sleeper
80%
Series 1Small Worlds
80%
Series 2A Day in the Death
60%
Series 2Adrift
60%
Series 1End of Days
60%
Series 2Exit Wounds
60%
Series 2Fragments
60%
Series 2From Out of the Rain
60%
Series 2Meat
60%
Series 2Something Borrowed
60%
Miracle DayThe Blood Line
60%
Series 1They Keep Killing Suzie
60%
Series 2To the Last Man
60%
Miracle DayEscape to L.A.
40%
Miracle DayRendition
40%
Miracle DayThe New World
40%
Miracle DayDead of Night
20%
Miracle DayEnd of the Road
20%
Miracle DayImmortal Sins
20%
Miracle DayThe Categories of Life
20%
Miracle DayThe Gathering
20%
Miracle DayThe Middle Men
20%

Score Distribution

Percentile by Number Answered

Percent of People with Each Score

Your Score History

You have not taken this quiz